000 00464nam a2200229Ia 4500
003 IT-RoPAU
008 120407s9999 xx 000 0 und d
040 _aIT-RoPAU
040 _cIT-RoPAU
041 _aita
100 _aLev NikolĂ evic Tolstoi
245 _aI Cosacchi.
250 _aMilano
260 _aRizzoli
260 _c1952
300 _a183 p.
300 _c16 cm
490 _a(Bur, 453)
490 _v1
942 _cBK
999 _c27543
_d27543